000 00464nam a2200157Ia 4500
008 210716s2004 xx 000 0 und d
020 _a0130327506
041 _aeng
082 _a658.1511 WERM
100 _aWerner, Michael L;Johnes, Kumen H.
245 _aIntroduction to management accounting: a user perspective.
_bUser perspective.
250 _a2
260 _aNew Jersey
_bPearson Education
_c2004
300 _axvi,399
650 _aManagement Accounting
999 _c198932
_d198932